00729cam a2200217 a 45000010009000000050017000090080041000260200015000670200022000820400018001040820022001221000021001442450085001652500013002502600064002633000013003276500014003407000025003548560066003798560066004451211671520240221033807.0000724s2001 ii b 001 0 eng  a0761994386 a0761994394 (pbk.) aDLCcDLCdDLC00a320.54.221bETH.1 aPhadnis, Urmila.10aEthnicity and nation-building in South Asia /cUrmila Phadnis and Rajat Ganguly. aRev. ed. aNew Delhi ;aThousand Oaks, CA :bSage Publications,c2001. a467 p. ; 0aEthnicity1 aGanguly, Rajat.eedt42uhttp://www.loc.gov/catdir/enhancements/fy0657/00059158-d.html41uhttp://www.loc.gov/catdir/enhancements/fy0657/00059158-t.html